Medio Ambiente Licencias y Proteccin̤ de los Recursos Naturales /

Detalles Bibliográficos
Autor principal: Chavarro Cadena, Jorge Enrique
Formato: eBook
Lenguaje:español
Publicado: Bogot ̀: Editorial Nueva Legislacin̤, 2010
Materias:
Acceso en línea:Acceso restringido

MARC

LEADER 00000nam a22000007a 4500
005 20120928153624.0
007 cr|||| ||||
008 120928s2010 co |||||s|||| 00||0 spa d
020 |a 978-958-8371-59-7 
035 |a 6736 
040 |a vLex 
090 |c 3493  |d 3493 
100 1 |a Chavarro Cadena, Jorge Enrique 
245 1 0 |a Medio Ambiente  |h [Recurso electrn̤ico] :  |b Licencias y Proteccin̤ de los Recursos Naturales /  |c Jorge Enrique Chavarro Cadena  
256 |a Servicio en ln̕ea 
260 |a Bogot ̀:  |b Editorial Nueva Legislacin̤,   |c 2010 
300 |a 1 recurso electrn̤ico 
506 1 |a Contenido solo disponible en solo productos indicados  |d vLex Global   |d vLex Global (Academic Edition, excluding Law Schools)   |d vLex Global (U.S. Academic Edition, Law Schools)   |d vLex Global (U.S. Academic Edition, excluding Law Schools)   |d vLex Global (Academic Edition, Law Schools)  
650 |a Medio ambiente  |z Colombia  |x Proteccin̤ 
740 0 |a vLex Libros (servicio en ln̕ea) 
856 4 0 |u http://vlex.com/source/medio-ambiente-licencias-proteccion-recursos-naturales-6736  |z Acceso restringido 
942 |c BOOK 
999 0 |a Environnement